[Event "Acropolis 2008"]
[Site "Athens"]
[Date "2008.08.16"]
[Round "8.40"]
[White "Kokolias, Konstantinos"]
[Black "Filippas, Sebastian"]
[Result "1/2-1/2"]
[WhiteElo "2197"]
[BlackElo "2240"]
[PlyCount "116"]
[EventDate "2008.08.09"]

1. e4 e5 2. Nf3 Nc6 3. Nc3 Nf6 4. d4 exd4 5. Nxd4 Bb4 6. Nxc6 bxc6 7. Bd3 d5 8.
exd5 cxd5 9. O-O O-O 10. Bg5 c6 11. Na4 h6 12. Bh4 Bd6 13. c4 Rb8 14. b3 Be5
15. Rc1 Qd6 16. Bg3 Ng4 17. cxd5 cxd5 18. Rxc8 Rbxc8 19. Qxg4 Bxg3 20. Qxg3 Qf6
21. Qe3 Rc7 22. Re1 h5 23. h3 g6 24. g3 Kg7 25. h4 Rfc8 26. Kg2 Rd8 27. Kg1
Rdc8 28. Kh2 Rd8 29. Kg2 Rd6 30. Qe5 Qxe5 31. Rxe5 Rc1 32. Re2 Rd1 33. Nb2 Ra1
34. a4 Re6 35. Rd2 Ra2 36. Nc4 dxc4 37. Rxa2 cxd3 38. Rd2 Re2 39. Rxd3 Rb2 40.
Kf3 Kf6 41. Ke3 g5 42. hxg5+ Kxg5 43. f3 f5 44. Rc3 Rb1 45. Kd4 Rg1 46. Rc7 a5
47. Rg7+ Kf6 48. Rg8 h4 49. Rf8+ Ke7 50. Rxf5 hxg3 51. Re5+ Kf6 52. Re2 g2 53.
Ke4 Rb1 54. Rxg2 Rxb3 55. Rg4 Ra3 56. Kd5 Rxf3 57. Re4 Rf5+ 58. Kc6 Re5 1/2-1/2

[Event "Acropolis 2008"]
[Site "Athens"]
[Date "2008.08.16"]
[Round "8.41"]
[White "Nathanail, Emanouel"]
[Black "Manelidou, Maria"]
[Result "1/2-1/2"]
[WhiteElo "2219"]
[BlackElo "1975"]
[PlyCount "41"]
[EventDate "2008.08.09"]

1. c4 Nf6 2. g3 g6 3. Bg2 Bg7 4. Nc3 d6 5. Nf3 O-O 6. O-O Nc6 7. Rb1 e5 8. d3
h6 9. b4 Nh7 10. Qc2 f5 11. e3 g5 12. Ne2 Ne7 13. Ne1 h5 14. f4 gxf4 15. exf4
Ng6 16. c5 Nf6 17. Nf3 Rb8 18. cxd6 Qxd6 19. fxe5 Nxe5 20. Nxe5 Qxe5 21. Bf4
1/2-1/2

[Event "Acropolis 2008"]
[Site "Athens"]
[Date "2008.08.17"]
[Round "9.2"]
[White "Parligras, Mircea"]
[Black "Svetushkin, Dmitry"]
[Result "1/2-1/2"]
[WhiteElo "2588"]
[BlackElo "2587"]
[PlyCount "124"]
[EventDate "2008.08.09"]

1. e4 g6 2. d4 Bg7 3. Nf3 d6 4. Bc4 a6 5. O-O e6 6. Re1 Ne7 7. Nbd2 Nd7 8. c3
b5 9. Bb3 Nb6 10. Nf1 h6 11. Ng3 O-O 12. Bf4 Bb7 13. Qe2 Nc6 14. Rad1 Qe7 15.
e5 Na5 16. Bc2 Nac4 17. b3 Nd5 18. bxc4 Nxf4 19. Qe3 g5 20. c5 dxc5 21. dxc5 f5
22. exf6 Qxf6 23. Ne4 Qf7 24. Nd4 Bd5 25. a3 Rad8 26. Ne2 Ng6 27. N2g3 Ne5 28.
Qe2 Bc4 29. Qh5 Nd3 30. Re3 Nf4 31. Qxf7+ Kxf7 32. Nd2 Bd5 33. Nge4 Bc6 34. Kf1
Ke7 35. Nb1 Bd5 36. Nbd2 Rd7 37. Rde1 Bc6 38. Nb3 Bd5 39. Na5 c6 40. g3 Nh3 41.
R1e2 g4 42. Nd6 Ng5 43. Bf5 h5 44. Bg6 Rh8 45. Bc2 Kd8 46. Bb3 Kc7 47. Bxd5
cxd5 48. Nb3 Kc6 49. h4 gxh3 50. f4 Ne4 51. Nxe4 dxe4 52. Kg1 Rd3 53. Rxe4 e5
54. fxe5 Rxc3 55. Nd4+ Kxc5 56. Kh2 Re8 57. Nf5 Bf8 58. e6 Be7 59. Rd4 Rf3 60.
Re5+ Kb6 61. Nxe7 Rxe7 62. a4 Kc6 1/2-1/2

[Event "Acropolis 2008"]
[Site "Athens"]
[Date "2008.08.17"]
[Round "9.4"]
[White "Danielian, Elina"]
[Black "Kotanjian, Tigran"]
[Result "1-0"]
[WhiteElo "2495"]
[BlackElo "2578"]
[PlyCount "133"]
[EventDate "2008.08.09"]

1. d4 Nf6 2. Nf3 e6 3. e3 b6 4. Bd3 Bb7 5. O-O d5 6. c4 Nbd7 7. Nc3 dxc4 8.
Bxc4 a6 9. Qe2 c5 10. Rd1 b5 11. Bd3 Qc7 12. a3 Rd8 13. h3 Bd6 14. dxc5 Nxc5
15. Bc2 O-O 16. Bd2 e5 17. e4 Ne6 18. Rac1 Nd4 19. Nxd4 exd4 20. Nd5 Nxd5 21.
exd5 Qb6 22. Qd3 g6 23. Bb3 Kg7 24. Bg5 f6 25. Bd2 Rfe8 26. Re1 Re5 27. Rxe5
Bxe5 28. Qe4 a5 29. h4 d3 30. h5 gxh5 31. Qxd3 Kh8 32. Bc2 Rd7 33. Qf5 Qd6 34.
Be4 Rc7 35. Rxc7 Qxc7 36. Bc3 Bc8 37. Qxh5 Bxc3 38. bxc3 Qe7 39. Qh4 Kg8 40. g3
h5 41. Qf4 Bd7 42. d6 Qe6 43. Qf3 Kg7 44. Qd3 Qe5 45. Kg2 f5 46. Bf3 f4 47. Qd5
Kf6 48. gxf4 Qxf4 49. Bxh5 Qg5+ 50. Qxg5+ Kxg5 51. Be2 Kf4 52. Kh2 Ke5 53. Kg3
Kxd6 54. Kf4 Kc5 55. Ke5 Bc8 56. f4 Bh3 57. Bd3 Bg4 58. Ke4 Bd7 59. Ke3 Kd5 60.
Bf1 Kc5 61. Ke4 Bc8 62. Bd3 Bh3 63. Ke5 Bg4 64. f5 Bxf5 65. Kxf5 b4 66. a4 bxc3
67. Ke4 1-0

[Event "Acropolis 2008"]
[Site "Athens"]
[Date "2008.08.17"]
[Round "9.6"]
[White "Dzagnidze, Nana"]
[Black "Maric, Alisa"]
[Result "1-0"]
[WhiteElo "2458"]
[BlackElo "2412"]
[PlyCount "79"]
[EventDate "2008.08.09"]

1. d4 e6 2. Nf3 Nf6 3. c4 b6 4. g3 Bb7 5. Bg2 Be7 6. Nc3 O-O 7. d5 Bb4 8. Bd2
Na6 9. O-O Nc5 10. Nh4 Re8 11. Rc1 Rb8 12. a3 Bxc3 13. Bxc3 Nce4 14. Bxf6 Nxf6
15. b4 d6 16. Re1 b5 17. dxe6 Rxe6 18. Bxb7 Rxb7 19. cxb5 Rxb5 20. Qa4 Rb7 21.
Nf5 Qd7 22. Qxd7 Nxd7 23. Nd4 Re8 24. Nc6 a6 25. Na5 Ra7 26. Rc2 Nb8 27. Rec1
Re7 28. f3 Kf8 29. e4 Ke8 30. Kf2 Kd7 31. Rc4 Re5 32. f4 Rb5 33. Rd1 f6 34. Kf3
c5 35. Rxc5 Rc7 36. Rxc7+ Kxc7 37. Nc4 f5 38. Nxd6 fxe4+ 39. Kxe4 Rh5 40. h4
1-0

[Event "Acropolis 2008"]
[Site "Athens"]
[Date "2008.08.17"]
[Round "9.8"]
[White "Tirard, Hugo"]
[Black "Romanishin, Oleg M"]
[Result "1/2-1/2"]
[WhiteElo "2461"]
[BlackElo "2530"]
[PlyCount "151"]
[EventDate "2008.08.09"]

1. e4 e5 2. Nf3 Nc6 3. Bb5 a6 4. Ba4 Nf6 5. O-O Be7 6. Re1 b5 7. Bb3 d6 8. c3
O-O 9. h3 Na5 10. Bc2 c5 11. d4 Nd7 12. d5 Nc4 13. a4 Ncb6 14. a5 Nc4 15. b4
cxb4 16. cxb4 Nf6 17. Na3 Bd7 18. Nxc4 bxc4 19. Nd2 Qc7 20. Re3 Bb5 21. Rc3
Rac8 22. Nf1 Qd8 23. Ne3 g6 24. Qe2 Nh5 25. g3 Ng7 26. Bd2 Bg5 27. h4 Bxe3 28.
Bxe3 f5 29. Bh6 f4 30. Ba4 Bxa4 31. Rxa4 Qd7 32. Ra1 Qb5 33. Rac1 fxg3 34. fxg3
Qxb4 35. Rxc4 Rxc4 36. Qxc4 Qxa5 37. Qc7 Qxc7 38. Rxc7 Rf7 39. Rc8+ Rf8 40. Rc7
Rf7 41. Rc6 Rd7 42. Rxa6 Nh5 43. Ra8+ Kf7 44. Rf8+ Ke7 45. Rf3 Ke8 46. g4 Nf4
47. Bxf4 Rf7 48. Kg2 exf4 49. Ra3 Rb7 50. Kf3 h6 51. Kxf4 Rf7+ 52. Kg3 Re7 53.
Ra8+ Kf7 54. Kf4 g5+ 55. hxg5 hxg5+ 56. Kxg5 Rxe4 57. Ra7+ Ke8 58. Kf5 Re5+ 59.
Kf6 Rxd5 60. g5 Rd1 61. g6 Rf1+ 62. Kg7 d5 63. Ra5 Rd1 64. Kh8 Ke7 65. g7 Rh1+
66. Kg8 Ke6 67. Ra6+ Ke5 68. Kf7 Rf1+ 69. Kg6 Rg1+ 70. Kh7 d4 71. g8=Q Rxg8 72.
Kxg8 d3 73. Kf7 d2 74. Re6+ Kd4 75. Rd6+ Kc3 76. Rxd2 1/2-1/2

[Event "Acropolis 2008"]
[Site "Athens"]
[Date "2008.08.17"]
[Round "9.9"]
[White "Managadze, Nikoloz"]
[Black "Mastrovasilis, Athanasios"]
[Result "1-0"]
[WhiteElo "2444"]
[BlackElo "2518"]
[PlyCount "93"]
[EventDate "2008.08.09"]

1. Nf3 Nf6 2. g3 b6 3. Bg2 Bb7 4. O-O d5 5. c4 dxc4 6. Na3 e6 7. Nxc4 Be7 8. d4
O-O 9. Bg5 Nbd7 10. Rc1 c5 11. dxc5 Nxc5 12. Nfe5 Bxg2 13. Kxg2 Qc7 14. b4 Nce4
15. Bxf6 Nxf6 16. b5 Rfd8 17. Qb3 Rd5 18. Nc6 Rc5 19. a4 Bf8 20. f3 Rc8 21. e4
Nd7 22. Nb2 Ne5 23. Nd3 Nxd3 24. Qxd3 a6 25. Rcd1 Ra8 26. Rf2 h5 27. Rfd2 axb5
28. axb5 Rxc6 29. bxc6 Qxc6 30. Rc2 Bc5 31. Qd7 Qxd7 32. Rxd7 Ra1 33. f4 Rg1+
34. Kf3 Rf1+ 35. Kg2 Rg1+ 36. Kh3 e5 37. Ra2 exf4 38. gxf4 Re1 39. e5 g5 40.
fxg5 Rxe5 41. Kh4 Be7 42. Rg2 Kg7 43. Kxh5 f6 44. h4 b5 45. Rb7 b4 46. Rg4 Kh7
47. Rf4 1-0

[Event "Acropolis 2008"]
[Site "Athens"]
[Date "2008.08.17"]
[Round "9.10"]
[White "Rakhmanov, Aleksandr"]
[Black "Roy Chowdhury, Saptarshi"]
[Result "1/2-1/2"]
[WhiteElo "2489"]
[BlackElo "2411"]
[PlyCount "102"]
[EventDate "2008.08.09"]

1. c4 c5 2. Nf3 Nc6 3. g3 e5 4. Nc3 g6 5. Bg2 Bg7 6. O-O Nge7 7. a3 a5 8. Rb1
d6 9. d3 O-O 10. Ne1 Be6 11. Nc2 Qd7 12. b4 cxb4 13. axb4 d5 14. cxd5 Nxd5 15.
Nxd5 Bxd5 16. Bxd5 Qxd5 17. bxa5 Nxa5 18. Bd2 Qd7 19. Bxa5 Rxa5 20. Ne3 b5 21.
Qb3 Rd8 22. Rfc1 Bf8 23. Rc2 b4 24. Nc4 Rb5 25. Nd2 Be7 26. Rbc1 Rb7 27. Rc6
Qd5 28. R1c4 Ra7 29. Rc7 Ra1+ 30. Rc1 Rxc1+ 31. Rxc1 Qxb3 32. Nxb3 Ra8 33. Kf1
Ra3 34. Rb1 Ra2 35. Ke1 f5 36. Rc1 Kf7 37. Kd1 Ke6 38. Rc7 Ra3 39. Kc2 Ra2+ 40.
Kd1 Ra3 41. Nd2 Ra1+ 42. Rc1 Ra2 43. Nb3 Ra3 44. Rb1 Kd5 45. Kc2 Ra2+ 46. Rb2
Rxb2+ 47. Kxb2 e4 48. Kc2 g5 49. Nd2 h5 50. e3 exd3+ 51. Kxd3 Ke5 1/2-1/2

[Event "Acropolis 2008"]
[Site "Athens"]
[Date "2008.08.17"]
[Round "9.12"]
[White "Gelashvili, Tamaz"]
[Black "Dembo, Yelena"]
[Result "1/2-1/2"]
[WhiteElo "2612"]
[BlackElo "2431"]
[PlyCount "85"]
[EventDate "2008.08.09"]

1. Nf3 Nf6 2. e3 g6 3. b4 Bg7 4. Bb2 O-O 5. c4 d6 6. Be2 e5 7. d3 Ne8 8. Nc3 f5
9. O-O Be6 10. b5 Nd7 11. Nd2 Nef6 12. Bf3 Rb8 13. Nb3 g5 14. Na5 e4 15. dxe4
Nxe4 16. Qc2 Nec5 17. Rfd1 Ne5 18. Bd5 c6 19. Bxe6+ Nxe6 20. Nb3 Nxc4 21. bxc6
bxc6 22. Rac1 d5 23. Ba1 Qe8 24. Ne2 Bxa1 25. Rxa1 Qg6 26. Rac1 Rbc8 27. Ned4
Nxd4 28. Nxd4 Qf6 29. Nf3 Rb8 30. Nd4 Rbe8 31. Rd3 Re4 32. Nb3 Rfe8 33. Nd2
Nxd2 34. Qxd2 f4 35. h3 fxe3 36. Rxe3 Rxe3 37. fxe3 h6 38. Qd3 Qe6 39. Kh1 Re7
40. a4 Rf7 41. a5 g4 42. hxg4 Qxg4 43. Rxc6 1/2-1/2

[Event "Acropolis 2008"]
[Site "Athens"]
[Date "2008.08.17"]
[Round "9.13"]
[White "Rasmussen, Allan Stig"]
[Black "Sergeev, Aleksander"]
[Result "1-0"]
[WhiteElo "2519"]
[BlackElo "2354"]
[PlyCount "65"]
[EventDate "2008.08.09"]

1. d4 d5 2. c4 c6 3. Nf3 Nf6 4. Nc3 dxc4 5. a4 Bg4 6. Ne5 Bh5 7. f3 Nfd7 8.
Nxc4 e5 9. Ne4 Bb4+ 10. Bd2 Qe7 11. Nxe5 Nxe5 12. dxe5 Nd7 13. Nd6+ Bxd6 14.
exd6 Qxd6 15. Bc3 Qe6 16. Bxg7 Rg8 17. Bd4 O-O-O 18. Qc2 Ne5 19. Rd1 Rd5 20.
Kf2 Re8 21. e4 Rxd4 22. Rxd4 Qf6 23. Qc3 Bxf3 24. gxf3 Nxf3 25. Bh3+ Kb8 26.
Rdd1 Nd4+ 27. Bf5 Rxe4 28. Qg3+ Re5 29. Rxd4 Qxf5+ 30. Qf4 Qc2+ 31. Rd2 Qc5+
32. Kg2 Kc8 33. Rhd1 1-0

[Event "Acropolis 2008"]
[Site "Athens"]
[Date "2008.08.17"]
[Round "9.15"]
[White "Rudolf, Anna"]
[Black "Atakisi, Umut"]
[Result "0-1"]
[WhiteElo "2337"]
[BlackElo "2388"]
[PlyCount "64"]
[EventDate "2008.08.09"]

1. e4 c5 2. b3 Nc6 3. Bb2 d6 4. Bb5 Bd7 5. d3 Nf6 6. f4 e6 7. Nf3 Be7 8. O-O
O-O 9. Qe1 d5 10. Nbd2 Nb4 11. Bxd7 Nxc2 12. Qb1 Nxa1 13. Ba4 Qa5 14. exd5 exd5
15. Qe1 Bd8 16. Bxf6 Bxf6 17. Ne4 Qxe1 18. Nxf6+ gxf6 19. Rxe1 Nc2 20. Rc1 Nb4
21. Rxc5 Nxd3 22. Rxd5 Rfd8 23. Bd7 Nxf4 24. Rf5 Ne2+ 25. Kf1 Rxd7 26. Kxe2 Rc8
27. Nh4 Rd4 28. Rh5 Rg4 29. Nf5 Rxg2+ 30. Kf3 Rcc2 31. Ne3 Rcf2+ 32. Ke4 Rg5
0-1

[Event "Acropolis 2008"]
[Site "Athens"]
[Date "2008.08.17"]
[Round "9.17"]
[White "Karagiannis, Athanasios"]
[Black "Astaneh Lopez, Alex"]
[Result "1/2-1/2"]
[WhiteElo "2357"]
[BlackElo "2357"]
[PlyCount "111"]
[EventDate "2008.08.09"]

1. d4 Nf6 2. g3 d5 3. Nf3 c6 4. Bg2 Bg4 5. c4 e6 6. O-O Nbd7 7. b3 Bd6 8. Bb2
Qb8 9. Nc3 b5 10. cxd5 cxd5 11. Qd3 a6 12. e4 dxe4 13. Nxe4 O-O 14. Nxf6+ Nxf6
15. d5 e5 16. Nh4 Re8 17. Rfe1 Qa7 18. Rac1 Rad8 19. h3 Bc8 20. Nf5 Bb8 21. Ne3
Qd7 22. Red1 Bb7 23. Qe2 Bd6 24. g4 g6 25. Qd2 Qe7 26. a4 h5 27. axb5 axb5 28.
Qe2 hxg4 29. hxg4 Rb8 30. Qxb5 Bc8 31. Qe2 Rxb3 32. Ba1 Bc5 33. Qc4 Bxe3 34.
Qxb3 Bxc1 35. Rxc1 Nxg4 36. Qg3 f5 37. Rc6 Qf7 38. Bf3 Bb7 39. Bxg4 Bxc6 40.
dxc6 fxg4 41. Bxe5 Qf5 42. Qb3+ Kh7 43. Qb7+ Kh6 44. Qg7+ Kg5 45. c7 g3 46.
Bxg3 Re1+ 47. Kh2 Re8 48. Qd4 Kh6 49. Kg2 Qe6 50. Be5 g5 51. Qd6 Qxd6 52. Bxd6
Rc8 53. Kg3 Kg6 54. Kg4 Ra8 55. Be5 Ra4+ 56. Kf3 1/2-1/2

[Event "Acropolis 2008"]
[Site "Athens"]
[Date "2008.08.17"]
[Round "9.18"]
[White "Grigoriadis, Alexandros"]
[Black "Kourousis, Epaminondas"]
[Result "1/2-1/2"]
[WhiteElo "2417"]
[BlackElo "2221"]
[PlyCount "80"]
[EventDate "2008.08.09"]

1. Nf3 Nf6 2. c4 e6 3. g3 b6 4. Bg2 Bb7 5. O-O Be7 6. Nc3 O-O 7. d4 Ne4 8. Qc2
Nxc3 9. Qxc3 d6 10. b3 c5 11. Bb2 Bf6 12. Qd2 cxd4 13. Bxd4 Bxd4 14. Nxd4 Bxg2
15. Kxg2 d5 16. Qd3 e5 17. Nc2 dxc4 18. Qxc4 Qc8 19. Ne3 Qc6+ 20. f3 Qxc4 21.
Nxc4 Nc6 22. Rac1 Rfd8 23. Rfd1 f6 24. Rxd8+ Rxd8 25. Nxb6 Nd4 26. Rc8 Rxc8 27.
Nxc8 Nxe2 28. Nxa7 Nc1 29. b4 Nxa2 30. Nc6 Nc3 31. Kf2 Kf7 32. Ke3 Nd5+ 33. Kd3
Nb6 34. b5 Ke6 35. Kc3 Kd5 36. Kb4 f5 37. Ne7+ Ke6 38. Nc6 Kd5 39. Ne7+ Ke6 40.
Nc6 Kd5 1/2-1/2

[Event "Acropolis 2008"]
[Site "Athens"]
[Date "2008.08.17"]
[Round "9.20"]
[White "Georgiadis, Ioannis"]
[Black "Makka, Ioulia"]
[Result "1/2-1/2"]
[WhiteElo "2373"]
[BlackElo "2225"]
[PlyCount "31"]
[EventDate "2008.08.09"]

1. d4 d5 2. c4 c6 3. Nf3 Nf6 4. e3 Bg4 5. h3 Bxf3 6. Qxf3 e6 7. Bd3 Bb4+ 8. Nd2
Nbd7 9. O-O O-O 10. a3 Ba5 11. b4 Bc7 12. Bb2 e5 13. cxd5 cxd5 14. e4 exd4 15.
Bxd4 Be5 16. Qe3 1/2-1/2

[Event "Acropolis 2008"]
[Site "Athens"]
[Date "2008.08.17"]
[Round "9.21"]
[White "Pavlidis, Antonios"]
[Black "Asik, Josip"]
[Result "1-0"]
[WhiteElo "2266"]
[BlackElo "2368"]
[PlyCount "57"]
[EventDate "2008.08.09"]

1. e4 e6 2. d4 d5 3. Nc3 Bb4 4. e5 c5 5. Bd2 Ne7 6. Nb5 Bxd2+ 7. Qxd2 O-O 8. f4
cxd4 9. Nf3 Nbc6 10. Bd3 Qb6 11. O-O-O Bd7 12. Nbxd4 Nxd4 13. Nxd4 Nc6 14. Nf3
Nb4 15. Kb1 Rac8 16. g4 Bb5 17. Bxb5 Qxb5 18. c3 Na6 19. f5 Nc5 20. Nd4 Qb6 21.
Rhe1 Ne4 22. Rxe4 dxe4 23. f6 h6 24. fxg7 Kxg7 25. Qf4 f6 26. Qxe4 fxe5 27.
Qxe5+ Rf6 28. Rf1 Rcf8 29. g5 1-0

[Event "Acropolis 2008"]
[Site "Athens"]
[Date "2008.08.17"]
[Round "9.22"]
[White "Galopoulos, Nikolaos"]
[Black "Sandalakis, Angelos"]
[Result "1/2-1/2"]
[WhiteElo "2270"]
[BlackElo "2341"]
[PlyCount "23"]
[EventDate "2008.08.09"]

1. d4 d5 2. c4 e6 3. Nc3 Nf6 4. Bg5 Nbd7 5. Nf3 c6 6. cxd5 exd5 7. e3 Be7 8.
Bd3 O-O 9. Qc2 Re8 10. O-O Nf8 11. Rab1 Ng6 12. Ne5 1/2-1/2

[Event "Acropolis 2008"]
[Site "Athens"]
[Date "2008.08.17"]
[Round "9.23"]
[White "Kostopoulos, Evangellos"]
[Black "Velcheva, Maria"]
[Result "1/2-1/2"]
[WhiteElo "2150"]
[BlackElo "2281"]
[PlyCount "35"]
[EventDate "2008.08.09"]

1. e4 c5 2. Nf3 e6 3. d4 cxd4 4. Nxd4 Nf6 5. Nc3 Nc6 6. Ndb5 Bb4 7. a3 Bxc3+ 8.
Nxc3 d5 9. exd5 exd5 10. Bd3 O-O 11. O-O d4 12. Ne4 Bf5 13. Bg5 Bxe4 14. Bxe4
h6 15. Bxf6 Qxf6 16. Qd3 Rfd8 17. Rad1 Rac8 18. Rfe1 1/2-1/2

[Event "Acropolis 2008"]
[Site "Athens"]
[Date "2008.08.17"]
[Round "9.24"]
[White "Nikolaidis, Konstantinos"]
[Black "Makropoulou, Marina"]
[Result "1/2-1/2"]
[WhiteElo "2279"]
[BlackElo "2244"]
[PlyCount "20"]
[EventDate "2008.08.09"]

1. Nf3 Nf6 2. c4 c5 3. b3 b6 4. g3 Bb7 5. Bg2 e6 6. O-O Be7 7. Bb2 O-O 8. d4
cxd4 9. Nxd4 Bxg2 10. Kxg2 Nc6 1/2-1/2

[Event "Acropolis 2008"]
[Site "Athens"]
[Date "2008.08.17"]
[Round "9.27"]
[White "Sandu, Mihaela"]
[Black "Klokas, Konstantinos"]
[Result "1-0"]
[WhiteElo "2288"]
[BlackElo "2167"]
[PlyCount "69"]
[EventDate "2008.08.09"]

1. e4 c5 2. Nc3 Nc6 3. f4 e6 4. Nf3 d5 5. d3 Nf6 6. Be2 d4 7. Nb1 Be7 8. O-O
O-O 9. Nbd2 Rb8 10. Ne5 Qc7 11. Ndf3 Nxe5 12. fxe5 Nd7 13. Qe1 f6 14. exf6 Bxf6
15. Kh1 b5 16. a4 a6 17. axb5 axb5 18. Ng5 Nb6 19. Bf4 e5 20. Bd2 Qe7 21. Qg3
Na4 22. b3 Nc3 23. Bg4 Bxg4 24. Qxg4 Ra8 25. Rxa8 Rxa8 26. g3 Rf8 27. Kg2 Re8
28. Qf5 Bxg5 29. Bxg5 Qb7 30. Qg4 c4 31. Rf5 cxb3 32. cxb3 Qc8 33. Bh6 Re7 34.
Qg5 Qe8 35. Rxe5 1-0

[Event "Acropolis 2008"]
[Site "Athens"]
[Date "2008.08.17"]
[Round "9.28"]
[White "Kanakaris, Georgios"]
[Black "Karlovich, Anastazia"]
[Result "1-0"]
[WhiteElo "2284"]
[BlackElo "2242"]
[PlyCount "133"]
[EventDate "2008.08.09"]

1. d4 Nf6 2. c4 c5 3. d5 b5 4. cxb5 a6 5. f3 e6 6. e4 exd5 7. e5 Qe7 8. Qe2 Ng8
9. Nc3 Bb7 10. Nh3 d6 11. Nf4 Qxe5 12. Nfxd5 Qxe2+ 13. Bxe2 Kd8 14. Nb6 Ra7 15.
Bc4 axb5 16. Nxb5 Ra6 17. Nd5 Nd7 18. Bf4 Ngf6 19. Nxf6 gxf6 20. Nc3 Rb6 21.
O-O-O Rg8 22. Rhg1 Ne5 23. Bxe5 fxe5 24. Bxf7 Bh6+ 25. Kb1 Rg7 26. Na4 Rc6 27.
Bd5 Kc7 28. Bxc6 Bxc6 29. Nc3 Be3 30. Rge1 Bd4 31. Re2 Rg8 32. Ne4 Bb5 33. Red2
Ra8 34. h4 Bc4 35. a3 Rb8 36. Ng3 Bb3 37. Re1 Bf7 38. Kc1 Ba2 39. Nf5 Bc3 40.
bxc3 Rb1+ 41. Kc2 Rxe1 42. Nxd6 Be6 43. Kb2 Rh1 44. Ne8+ Kc8 45. Re2 Rh2 46.
Rxe5 Rxg2+ 47. Kc1 Kd7 48. Nf6+ Kd6 49. f4 Ba2 50. Ne4+ Kd7 51. Nxc5+ Kc6 52.
Nd3 Bb3 53. Nb4+ Kd6 54. Rh5 Rg7 55. Kb2 Bc4 56. Rg5 Re7 57. Rg2 Re3 58. Rd2+
Kc5 59. a4 Rh3 60. Rd7 Rh2+ 61. Ka3 Kb6 62. Rxh7 Rh3 63. Rh6+ Kb7 64. Kb2 Rh2+
65. Kc1 Rh1+ 66. Kd2 Ra1 67. Ke3 1-0

[Event "Acropolis 2008"]
[Site "Athens"]
[Date "2008.08.17"]
[Round "9.31"]
[White "Fakhiridou, Ekaterini"]
[Black "Grapsa, Georgia"]
[Result "0-1"]
[WhiteElo "2274"]
[BlackElo "2104"]
[PlyCount "87"]
[EventDate "2008.08.09"]

1. e4 c5 2. Nf3 d6 3. Bc4 e6 4. O-O Nf6 5. Re1 Be7 6. Bf1 O-O 7. c3 Nc6 8. d4
cxd4 9. cxd4 d5 10. e5 Ne4 11. Nc3 Nxc3 12. bxc3 Na5 13. Qc2 Qc7 14. Bd3 h6 15.
Bf4 Bd7 16. a4 Rfc8 17. Rec1 a6 18. Qd1 Nc4 19. Ra2 b5 20. axb5 axb5 21. Qb3
Ra4 22. Nd2 Rca8 23. Rca1 g5 24. Be3 Nxe3 25. fxe3 Rxa2 26. Rxa2 Rxa2 27. Qxa2
Qxc3 28. Qc2 b4 29. Qxc3 bxc3 30. Nb3 Ba4 31. Bc2 Kg7 32. Kf2 f6 33. exf6+ Kxf6
34. Na1 Bxc2 35. Nxc2 Kf5 36. Ke2 Ke4 37. Ne1 Ba3 38. Kd1 Bb2 39. Nc2 g4 40.
Ke2 Bc1 41. h4 h5 42. g3 Bd2 43. Na3 Bxe3 44. Nb5 0-1

[Event "Acropolis 2008"]
[Site "Athens"]
[Date "2008.08.17"]
[Round "9.32"]
[White "Gazis, Efstathios"]
[Black "Pountzas, Hrisanthos"]
[Result "1-0"]
[WhiteElo "2308"]
[BlackElo "2202"]
[PlyCount "59"]
[EventDate "2008.08.09"]

1. e4 c5 2. Nf3 d6 3. d4 cxd4 4. Nxd4 Nf6 5. f3 a6 6. c4 Nc6 7. Be3 e6 8. Nc3
Be7 9. Be2 O-O 10. O-O Bd7 11. Rc1 Nxd4 12. Qxd4 Qa5 13. Qd2 Qc7 14. Rfd1 Rfd8
15. Bf1 b6 16. Qf2 Rab8 17. g4 Be8 18. g5 Nd7 19. f4 Bf8 20. b4 Be7 21. a3 Bf8
22. h4 g6 23. h5 Bg7 24. Bd4 f6 25. hxg6 hxg6 26. f5 Bf7 27. fxe6 Bxe6 28. Nd5
Bxd5 29. cxd5 Qb7 30. Bh3 1-0

[Event "Acropolis 2008"]
[Site "Athens"]
[Date "2008.08.17"]
[Round "9.33"]
[White "Sarandos, Vasilios"]
[Black "Skiadopoulos, Nikolaos"]
[Result "1-0"]
[WhiteElo "2259"]
[BlackElo "2210"]
[PlyCount "63"]
[EventDate "2008.08.09"]

1. e4 c5 2. Nf3 Nc6 3. d4 cxd4 4. Nxd4 e5 5. Nb5 d6 6. c4 Be6 7. N1c3 a6 8. Na3
Nf6 9. Be2 Rc8 10. Nab1 Be7 11. O-O O-O 12. Be3 h6 13. f3 Nh7 14. Nd5 Bxd5 15.
exd5 Na5 16. b3 Bg5 17. Bxg5 Nxg5 18. Kh1 f5 19. Nd2 b6 20. f4 Nh7 21. Qe1 e4
22. g4 e3 23. Nf3 Qf6 24. Qg3 fxg4 25. Qxg4 Qxf4 26. Qe6+ Kh8 27. Ne1 Qd4 28.
Ng2 Rfe8 29. Qxd6 Nb7 30. Qg6 Nf8 31. Qg3 Qe5 32. Rxf8+ 1-0

[Event "Acropolis 2008"]
[Site "Athens"]
[Date "2008.08.17"]
[Round "9.34"]
[White "Stefanidi, Maria-Anna"]
[Black "Exizoglou, Dimitrios"]
[Result "1/2-1/2"]
[WhiteElo "2095"]
[BlackElo "2251"]
[PlyCount "93"]
[EventDate "2008.08.09"]

1. e4 c5 2. Nf3 Nc6 3. d4 cxd4 4. Nxd4 Nf6 5. Nc3 e5 6. Nxc6 bxc6 7. Bd3 d6 8.
O-O Be7 9. Kh1 O-O 10. h3 Nd7 11. f4 Nc5 12. Qf3 Nxd3 13. cxd3 exf4 14. Bxf4
Kh8 15. Ne2 Bf6 16. Rac1 Qd7 17. b3 c5 18. Ng3 Bb7 19. Nf5 Qxf5 20. exf5 Bxf3
21. Rxf3 Rfd8 22. Re3 Kg8 23. g4 Kf8 24. g5 Bd4 25. Re2 Rd7 26. Rce1 Bc3 27.
Rc1 Bb4 28. f6 Rad8 29. h4 g6 30. Kg2 Re8 31. Rcc2 Re6 32. Kf3 Ke8 33. Rxe6+
fxe6 34. h5 Kf7 35. Kg4 gxh5+ 36. Kxh5 e5 37. Be3 Ke6 38. Rf2 Rf7 39. g6 hxg6+
40. Kxg6 Bc3 41. Bg5 d5 42. Re2 Bd4 43. Re1 Rf8 44. Kg7 Rf7+ 45. Kg6 Rf8 46.
Kg7 Rf7+ 47. Kg6 1/2-1/2

[Event "Acropolis 2008"]
[Site "Athens"]
[Date "2008.08.17"]
[Round "9.35"]
[White "Burtasova, Anna"]
[Black "Pavlidou, Ekaterini"]
[Result "1-0"]
[WhiteElo "2329"]
[BlackElo "2034"]
[PlyCount "63"]
[EventDate "2008.08.09"]

1. e4 c5 2. Nf3 e6 3. c3 d5 4. e5 Nc6 5. d4 Qb6 6. a3 cxd4 7. cxd4 Nge7 8. b4
Nf5 9. Be3 a6 10. Bd3 Be7 11. Nc3 Bd7 12. Bxf5 exf5 13. Nxd5 Qd8 14. Nxe7 Nxe7
15. d5 Bb5 16. d6 Ng6 17. a4 Bc6 18. O-O Qd7 19. b5 Bxf3 20. Qxf3 Nxe5 21. Qd5
Ng6 22. Rac1 O-O 23. Rc7 Qd8 24. b6 f4 25. Bc5 Qf6 26. d7 Rfd8 27. Qxb7 Qf5 28.
Qxa8 Rxa8 29. b7 Rd8 30. Rc8 Qxd7 31. Rxd8+ Qxd8 32. Ba7 1-0

[Event "Acropolis 2008"]
[Site "Athens"]
[Date "2008.08.17"]
[Round "9.36"]
[White "Panagiotopoulos, Alexandros"]
[Black "Margaritis, Fotios"]
[Result "1-0"]
[WhiteElo "2197"]
[BlackElo "2220"]
[PlyCount "55"]
[EventDate "2008.08.09"]

1. e4 c5 2. Nf3 d6 3. d4 cxd4 4. Nxd4 Nf6 5. Nc3 Nc6 6. f3 e6 7. Be3 Be7 8. Qd2
O-O 9. O-O-O a6 10. g4 Bd7 11. h4 Rc8 12. Kb1 Nxd4 13. Bxd4 e5 14. Be3 Be6 15.
h5 b5 16. g5 Nd7 17. g6 Nf6 18. Bh3 Qd7 19. Bxe6 Qxe6 20. Rdg1 b4 21. Qg2 fxg6
22. hxg6 h5 23. Nd5 Nxd5 24. Rxh5 Nc3+ 25. bxc3 Rf6 26. Qh1 Rxg6 27. Rxg6 Qxg6
28. Rh8+ 1-0